00334nam a2200121Ia 450000500170000000800410001708200130005810000150007124500410008626000630012730000120019065000100020220250319214109.0240331s9999 xx 000 0 und d bPARa894 aParpara, K 0aBharathi pakthan parpara kavithaigal aColombobWriters C0-0perative Publishing Society Ltdc1989 a26 p ., aPoems